Carta al Papa y análisis del Breve de 10 de junio de 1851. Por Francisco de Paula G. Vigil. Segunda edición

Uloženo v:
Podrobná bibliografie
Hlavní autor: Vigil, Francisco de Paula G. (Autor)
Médium: Kniha
Jazyk:latina
španělština
Vydáno: Lima Imprenta de Eusebio Aranda 1852
Vydání:2a. ed
Témata:
Tagy: Přidat tag
Žádné tagy, Buďte první, kdo vytvoří štítek k tomuto záznamu!

MARC

LEADER 00000nam a2200000 a 4500
001 UCJ6231
003 CL-VaPUC
008 070124e18520000PE |||||||||||||||||lat|d
041 0 7 |a lat  |2 CL-VaPUC 
041 0 7 |a spa  |2 CL-VaPUC 
082 0 4 |a 270  |b VIG  |2 21 
100 0 |a Vigil, Francisco de Paula G.  |e author  |9 512619 
245 1 0 |a Carta al Papa y análisis del Breve de 10 de junio de 1851. Por Francisco de Paula G. Vigil. Segunda edición 
250 |a 2a. ed 
300 |a 56 p 
942 |c BK 
945 |d 20070124 00:00:00  |a rinostro 
260 |a Lima  |b Imprenta de Eusebio Aranda  |c 1852 
500 |a Empastado junto a otro escrito del mismo autor en un volumen rotulado Vigil, Compendio de la defensa de los Gobiernos. Advierte errata. Ubicado en 270 VIG 
650 0 |a Iglesia y Estado  |9 254995 
650 0 |a Documentos pontificios   |9 255642 
650 0 |a Racionalismo  |9 259116 
583 |a last modification  |c 20070124 00:00:00  |k Rodrigo Vera 
999 |c 322339  |d 322337 
952 |0 0  |1 0  |4 0  |6 270_000000000000000_VIG_1852  |7 0  |8 X  |9 401306  |a FDOBUD  |b FDOBUD  |d 2019-11-22  |i 1045644  |o 270 VIG 1852  |p 1045644  |r 2019-11-22  |w 2019-11-22  |y BK_X  |k BUD